[Event "Budapest FS10 GM"]
[Site "Budapest"]
[Date "2023.10.17"]
[Round "9"]
[White "Neverov, Valeriy"]
[Black "Kovalev, Andrei"]
[Result "1/2-1/2"]
[WhiteElo "2387"]
[BlackElo "2435"]
[PlyCount "41"]
[EventDate "2023.10.07"]
[EventType "tourn"]
[EventRounds "9"]
[EventCountry "HUN"]
[EventCategory "6"]
[SourceTitle "Mega2024 Update 01"]
[Source "Chessbase"]
[SourceDate "2023.11.12"]
[SourceVersion "1"]
[SourceVersionDate "2023.11.12"]
[SourceQuality "1"]

1. d4 Nf6 2. c4 e6 3. Nc3 d5 4. cxd5 Nxd5 5. e4 Nxc3 6. bxc3 c5 7. Nf3 cxd4 8. cxd4 Bb4+ 9. Bd2 Bxd2+ 10. Qxd2 0-0 11. Bc4 b6 12. 0-0 Bb7 13. Rfe1 Nd7 14. Rad1 Rc8 15. Bb3 Re8 16. h3 Nf6 17. Qf4 Nh5 18. Qe5 Nf6 19. Qf4 Nh5 20. Qe5 Nf6 21. Qf4 1/2-1/2

[Event "Budapest Vezerkepzo GM 09"]
[Site "Budapest"]
[Date "2023.09.29"]
[Round "8"]
[White "Kovalev, Andrei"]
[Black "Matyassy, Lazar"]
[Result "1/2-1/2"]
[WhiteElo "2435"]
[BlackElo "2227"]
[PlyCount "138"]
[EventDate "2023.09.24"]
[EventType "tourn"]
[EventRounds "9"]
[EventCountry "HUN"]
[EventCategory "6"]
[SourceTitle "EXT 2024"]
[Source "ChessBase"]
[SourceDate "2023.10.10"]
[SourceVersion "1"]
[SourceVersionDate "2023.10.10"]
[SourceQuality "1"]

1. e4 c5 2. Nf3 d6 3. d4 cxd4 4. Nxd4 Nf6 5. Nc3 Nc6 6. Bg5 e6 7. Qd2 a6 8. 0-0-0 Bd7 9. f3 Nxd4 10. Qxd4 Be7 11. Kb1 Qc7 12. Qd2 b5 13. a3 Bc6 14. Ne2 0-0 15. Nd4 Bd7 16. g4 Rfb8 17. Nb3 Be8 18. Qa5 Qa7 19. Bg2 b4 20. Bxf6 Bxf6 21. axb4 Rb5 22. Qa3 Rab8 23. c3 Qe3 24. Rhe1 Qf2 25. Bf1 R5b6 26. Nd2 Bb5 27. Bxb5 axb5 28. Rf1 Qe2 29. Kc2 d5 30. Rfe1 Qxh2 31. exd5 exd5 32. Kb1 Qf4 33. Qa7 h5 34. Qd7 Bg5 35. gxh5 Re6 36. Rxe6 Qf5+ 37. Ka2 fxe6 38. Nb3 Ra8+ 39. Na5 Bf6 40. Re1 Bxc3 41. Qc6 Rxa5+ 42. bxa5 Bxe1 43. a6 Bf2 44. Qxb5 Qf7 45. Qb8+ Kh7 46. f4 Qa7 47. Qb5 Qb6 48. Qd3+ Kh8 49. Qa3 Bc5 50. Qa4 Kh7 51. b4 Bd4 52. Qc2+ Kg8 53. Qc8+ Kf7 54. Kb3 Qb5 55. Qc7+ Kf6 56. Qd8+ Kf7 57. Qc7+ Kf6 58. Qd8+ Kf5 59. Qg5+ Ke4 60. Qg6+ Kxf4 61. Qxe6 Qc4+ 62. Ka4 Bc3 63. Qd6+ Ke4 64. Qe7+ Kd3 65. a7 Qa6+ 66. Kb3 Qc4+ 67. Ka4 Qa6+ 68. Kb3 Qc4+ 69. Ka4 Qa6+ 1/2-1/2

[Event "Budapest Vezerkepzo GM 09"]
[Site "Budapest"]
[Date "2023.09.28"]
[Round "7"]
[White "Ostrovskiy, Aleksandr A"]
[Black "Kovalev, Andrei"]
[Result "1/2-1/2"]
[WhiteElo "2370"]
[BlackElo "2435"]
[PlyCount "29"]
[EventDate "2023.09.24"]
[EventType "tourn"]
[EventRounds "9"]
[EventCountry "HUN"]
[EventCategory "6"]
[SourceTitle "EXT 2024"]
[Source "ChessBase"]
[SourceDate "2023.10.10"]
[SourceVersion "1"]
[SourceVersionDate "2023.10.10"]
[SourceQuality "1"]

1. Nf3 c5 2. e4 d6 3. Bb5+ Bd7 4. Bxd7+ Nxd7 5. 0-0 Ngf6 6. Qe2 e6 7. b3 Be7 8. Bb2 0-0 9. c4 Rc8 10. Nc3 Ne5 11. Nxe5 dxe5 12. f4 exf4 13. e5 Nd7 14. Rxf4 f6 15. exf6 1/2-1/2

[Event "Balatonlelle Rigo Memorial GM 2nd"]
[Site "Balatonlelle"]
[Date "2023.06.22"]
[Round "9"]
[White "Kovalev, Andrei"]
[Black "Vaishali, Ramesh Babu"]
[Result "1/2-1/2"]
[WhiteElo "2460"]
[BlackElo "2416"]
[PlyCount "28"]
[EventDate "2023.06.14"]
[EventType "tourn"]
[EventRounds "9"]
[EventCountry "HUN"]
[EventCategory "6"]
[SourceTitle "CBM 214 Extra"]
[Source "ChessBase"]
[SourceDate "2023.07.31"]
[SourceVersion "1"]
[SourceVersionDate "2023.07.31"]
[SourceQuality "1"]

1. e4 c5 2. Nf3 e6 3. c3 Nf6 4. e5 Nd5 5. d4 cxd4 6. cxd4 d6 7. Nc3 Nxc3 8. bxc3 Qc7 9. Bd2 Nd7 10. exd6 Bxd6 11. Bd3 b6 12. Qe2 Bb7 13. 0-0 0-0 14. Rfe1 Bf4 1/2-1/2

[Event "Balatonlelle Rigo Memorial GM 2nd"]
[Site "Balatonlelle"]
[Date "2023.06.16"]
[Round "3"]
[White "Kovalev, Andrei"]
[Black "Neverov, Valeriy"]
[Result "1/2-1/2"]
[WhiteElo "2460"]
[BlackElo "2418"]
[PlyCount "58"]
[EventDate "2023.06.14"]
[EventType "tourn"]
[EventRounds "9"]
[EventCountry "HUN"]
[EventCategory "6"]
[SourceTitle "CBM 214 Extra"]
[Source "ChessBase"]
[SourceDate "2023.07.31"]
[SourceVersion "1"]
[SourceVersionDate "2023.07.31"]
[SourceQuality "1"]

1. e4 e5 2. Nf3 Nc6 3. Bb5 a6 4. Ba4 Nf6 5. 0-0 Be7 6. Re1 b5 7. Bb3 d6 8. c3 0-0 9. h3 Nb8 10. d4 Nbd7 11. Nbd2 Bb7 12. Bc2 Re8 13. a4 Bf8 14. Bd3 c6 15. b3 Qc7 16. Qc2 Rac8 17. Bb2 Qb8 18. Bf1 g6 19. b4 Nb6 20. axb5 cxb5 21. d5 Qc7 22. Qb3 Bh6 23. Qc2 Bf8 24. Nb3 Nc4 25. Bxc4 Qxc4 26. Na5 Qc7 27. Nd2 Ba8 28. c4 Bh6 29. Qd3 Nh5 1/2-1/2

[Event "Budapest FS06 GM"]
[Site "Budapest"]
[Date "2023.06.04"]
[Round "2"]
[White "Harshavardhan, GB."]
[Black "Kovalev, Andrei"]
[Result "1/2-1/2"]
[WhiteElo "2408"]
[BlackElo "2460"]
[PlyCount "43"]
[EventDate "2023.06.03"]
[EventType "tourn"]
[EventRounds "9"]
[EventCountry "HUN"]
[EventCategory "6"]
[SourceTitle "CBM 214 Extra"]
[Source "ChessBase"]
[SourceDate "2023.07.31"]
[SourceVersion "1"]
[SourceVersionDate "2023.07.31"]
[SourceQuality "1"]

1. e4 c5 2. Nf3 Nc6 3. d4 cxd4 4. Nxd4 Nf6 5. Nc3 e5 6. Ndb5 d6 7. Nd5 Nxd5 8. exd5 Ne7 9. c4 Ng6 10. Qa4 Bd7 11. Qb4 Qb8 12. h4 h5 13. Be3 a6 14. Nc3 Be7 15. Na4 Qc7 16. Bb6 Qc8 17. Ba5 Rb8 18. Nb6 Qc7 19. Na8 Qc8 20. Nb6 Qc7 21. Na8 Qc8 22. Nb6 1/2-1/2

[Event "Budapest Vezerkepzo GM-A 03"]
[Site "Budapest"]
[Date "2023.03.19"]
[Round "4"]
[White "Laddha, Shubh Jayesh"]
[Black "Kovalev, Andrei"]
[Result "0-1"]
[WhiteElo "2422"]
[BlackElo "2466"]
[PlyCount "88"]
[EventDate "2023.03.16"]
[EventType "tourn"]
[EventRounds "9"]
[EventCountry "HUN"]
[EventCategory "6"]
[SourceTitle "CBM 213 Extra"]
[Source "ChessBase"]
[SourceDate "2023.05.31"]
[SourceVersion "1"]
[SourceVersionDate "2023.05.31"]
[SourceQuality "1"]

1. e4 c5 2. Nf3 Nc6 3. d4 cxd4 4. Nxd4 g6 5. c4 Bg7 6. Be3 Nf6 7. Nc3 0-0 8. Be2 d6 9. 0-0 Nxd4 10. Bxd4 Bd7 11. Qd2 Bc6 12. f3 a5 13. b3 Nd7 14. Be3 Nc5 15. Rab1 e6 16. Rfd1 Be5 17. Bd4 Qe7 18. Qe3 Rfd8 19. Rd2 b6 20. Rbd1 Rab8 21. Bf1 Qh4 22. g3 Qe7 23. Bh3 Bxd4 24. Rxd4 Rd7 25. R4d2 Rbd8 26. Ne2 Rc7 27. Nd4 Be8 28. e5 d5 29. Ne2 Bc6 30. Nc3 Rcd7 31. cxd5 Bxd5 32. Nxd5 Rxd5 33. f4 Rxd2 34. Rxd2 Rxd2 35. Qxd2 Ne4 36. Qc2 Qb4 37. Kf1 Qd4 38. Ke2 b5 39. a3 Kg7 40. Kf3 Nc5 41. Bg2 b4 42. a4 g5 43. fxg5 Qxe5 44. Kg4 Qc3 0-1

[Event "Budapest Vezerkepzo GM-A 03"]
[Site "Budapest"]
[Date "2023.03.18"]
[Round "3"]
[White "Kovalev, Andrei"]
[Black "Sammed Jaykumar, Shete"]
[Result "1/2-1/2"]
[WhiteElo "2466"]
[BlackElo "2454"]
[PlyCount "23"]
[EventDate "2023.03.16"]
[EventType "tourn"]
[EventRounds "9"]
[EventCountry "HUN"]
[EventCategory "6"]
[SourceTitle "CBM 213 Extra"]
[Source "ChessBase"]
[SourceDate "2023.05.31"]
[SourceVersion "1"]
[SourceVersionDate "2023.05.31"]
[SourceQuality "1"]

1. e4 c5 2. Nf3 Nc6 3. Bb5 e6 4. 0-0 Nge7 5. c3 a6 6. Be2 d5 7. exd5 Nxd5 8. d4 cxd4 9. Nxd4 Bd7 10. c4 Nf6 11. Be3 Qc7 12. Nc3 1/2-1/2

[Event "Orsha GM 12"]
[Site "Orsha"]
[Date "2022.12.21"]
[Round "7"]
[White "Kovalev, Andrei"]
[Black "Zarubitski, Viachaslau"]
[Result "1/2-1/2"]
[WhiteElo "2466"]
[BlackElo "2458"]
[PlyCount "48"]
[EventDate "2022.12.17"]
[EventType "tourn"]
[EventRounds "9"]
[EventCountry "BLR"]
[EventCategory "6"]
[SourceTitle "CBM 212 Extra"]
[Source "ChessBase"]
[SourceDate "2023.03.31"]
[SourceVersion "1"]
[SourceVersionDate "2023.03.31"]
[SourceQuality "1"]

1. e4 e5 2. Nf3 Nc6 3. Bb5 a6 4. Ba4 Nf6 5. 0-0 b5 6. Bb3 Be7 7. Re1 0-0 8. c3 d5 9. exd5 Nxd5 10. Nxe5 Nxe5 11. Rxe5 c6 12. d4 Bd6 13. Re1 Qh4 14. g3 Qh3 15. Be3 Bg4 16. Qd3 Rae8 17. Nd2 Re6 18. a4 Qh5 19. axb5 axb5 20. Qf1 Bh3 21. Qd3 Bf5 22. Qf1 Bh3 23. Qd3 Bf5 24. Qf1 Bh3 1/2-1/2

[Event "Orsha GM 12"]
[Site "Orsha"]
[Date "2022.12.21"]
[Round "6"]
[White "Uskov, Artem"]
[Black "Kovalev, Andrei"]
[Result "1/2-1/2"]
[WhiteElo "2376"]
[BlackElo "2466"]
[PlyCount "92"]
[EventDate "2022.12.17"]
[EventType "tourn"]
[EventRounds "9"]
[EventCountry "BLR"]
[EventCategory "6"]
[SourceTitle "CBM 212 Extra"]
[Source "ChessBase"]
[SourceDate "2023.03.31"]
[SourceVersion "1"]
[SourceVersionDate "2023.03.31"]
[SourceQuality "1"]

1. e4 c5 2. Nf3 e6 3. d4 cxd4 4. Nxd4 a6 5. Bd3 Bc5 6. Nb3 Ba7 7. Qe2 Nc6 8. Be3 Nge7 9. Bxa7 Rxa7 10. Nc3 0-0 11. 0-0-0 Qc7 12. g3 b5 13. Qe3 b4 14. Ne2 a5 15. Kb1 a4 16. Nbd4 Ba6 17. Bxa6 Rxa6 18. f4 d5 19. e5 Rb8 20. Nc1 Nxd4 21. Qxd4 a3 22. b3 Rc6 23. Rd2 Rc8 24. Qf2 d4 25. Nd3 Nd5 26. Re1 h6 27. g4 Ne3 28. Rc1 Qb6 29. Qf3 Qc7 30. Qe4 Nxc2 31. Qg2 Ne3 32. Qxc6 Qxc6 33. Rxc6 Rxc6 34. Nxb4 Rb6 35. Rxd4 Nxg4 36. Nc2 Nxh2 37. Nxa3 h5 38. Nc4 Rb8 39. Rd3 Ng4 40. Rf3 Kh7 41. a4 Kg6 42. Ka2 f6 43. Ka3 h4 44. a5 Rh8 45. Rh3 Kf5 46. exf6 Nxf6 1/2-1/2

[Event "Orsha GM 12"]
[Site "Orsha"]
[Date "2022.12.20"]
[Round "5"]
[White "Kovalev, Andrei"]
[Black "Aleksandrov, Aleksej"]
[Result "1/2-1/2"]
[WhiteElo "2466"]
[BlackElo "2495"]
[PlyCount "46"]
[EventDate "2022.12.17"]
[EventType "tourn"]
[EventRounds "9"]
[EventCountry "BLR"]
[EventCategory "6"]
[SourceTitle "CBM 212 Extra"]
[Source "ChessBase"]
[SourceDate "2023.03.31"]
[SourceVersion "1"]
[SourceVersionDate "2023.03.31"]
[SourceQuality "1"]

1. e4 e5 2. Nf3 Nc6 3. Nc3 Nf6 4. Bb5 Nd4 5. Bc4 Bc5 6. Nxe5 Qe7 7. Nf3 d5 8. Bxd5 Bg4 9. d3 0-0-0 10. Be3 Nxd5 11. Nxd5 Rxd5 12. exd5 Re8 13. c3 Nxf3+ 14. gxf3 Qh4 15. Kd2 Rxe3 16. fxe3 Qf2+ 17. Kc1 Bxf3 18. Qe1 Bxe3+ 19. Kb1 Bxh1 20. Qxh1 Qe2 21. a4 Qxd3+ 22. Ka2 Qc4+ 23. Kb1 Qd3+ 1/2-1/2

[Event "Budapest FS12 GM"]
[Site "Budapest"]
[Date "2022.12.12"]
[Round "8"]
[White "Palczert, Matyas"]
[Black "Kovalev, Andrei"]
[Result "0-1"]
[WhiteElo "2313"]
[BlackElo "2466"]
[PlyCount "128"]
[EventDate "2022.12.03"]
[EventType "tourn"]
[EventRounds "9"]
[EventCountry "HUN"]
[EventCategory "6"]
[SourceTitle "CBM 212 Extra"]
[Source "ChessBase"]
[SourceDate "2023.03.31"]
[SourceVersion "1"]
[SourceVersionDate "2023.03.31"]
[SourceQuality "1"]

1. e4 c5 2. Nf3 e6 3. d4 cxd4 4. Nxd4 a6 5. c4 Nf6 6. Nc3 Bb4 7. Qd3 Qc7 8. a3 Bxc3+ 9. Qxc3 0-0 10. f3 d5 11. cxd5 Qxc3+ 12. bxc3 exd5 13. exd5 Nxd5 14. c4 Ne7 15. Kf2 Nbc6 16. Nxc6 Nxc6 17. Rb1 Rd8 18. Bf4 Be6 19. c5 Rd4 20. Be3 Ra4 21. Rxb7 Rxa3 22. Bf4 Ra2+ 23. Kg3 Rd8 24. Bd6 Nd4 25. h4 Nf5+ 26. Kh2 h5 27. Rb8 Rxb8 28. Bxb8 Nxh4 29. Kg1 g5 30. Bg3 Nf5 31. Rxh5 f6 32. Be1 Ra1 33. Kf2 Ra2+ 34. Kg1 a5 35. f4 Ra1 36. Kf2 Ra2+ 37. Kg1 Ra1 38. Kf2 g4 39. Bd3 Ra2+ 40. Kg1 Ne3 41. Be4 g3 42. Bxg3 Ng4 43. Kf1 Bc4+ 44. Ke1 Re2+ 45. Kd1 Rxe4 46. c6 f5 47. c7 Be6 48. Be1 a4 49. Bc3 Rc4 50. Kd2 Bd7 51. Rh8+ Kf7 52. Be5 a3 53. Bc3 Nf6 54. Be5 a2 55. Ra8 Ng4 56. Ba1 Rxc7 57. Rxa2 Bc6 58. g3 Rd7+ 59. Ke1 Bf3 60. Rd2 Rxd2 61. Kxd2 Ke6 62. Kd3 Kd5 63. Bc3 Bg2 64. Bg7 Bf1+ 0-1

[Event "Budapest FS12 GM"]
[Site "Budapest"]
[Date "2022.12.07"]
[Round "5"]
[White "Setyaki, Azarya Jodi"]
[Black "Kovalev, Andrei"]
[Result "1/2-1/2"]
[WhiteElo "2403"]
[BlackElo "2466"]
[PlyCount "41"]
[EventDate "2022.12.03"]
[EventType "tourn"]
[EventRounds "9"]
[EventCountry "HUN"]
[EventCategory "6"]
[SourceTitle "CBM 212 Extra"]
[Source "ChessBase"]
[SourceDate "2023.03.31"]
[SourceVersion "1"]
[SourceVersionDate "2023.03.31"]
[SourceQuality "1"]

1. e4 c5 2. Nf3 a6 3. c4 e6 4. d4 cxd4 5. Nxd4 Nf6 6. Nc3 Bb4 7. Qf3 Bxc3+ 8. bxc3 d6 9. Qg3 e5 10. Nc2 Nbd7 11. Ba3 0-0 12. Qe3 Nc5 13. f3 Qc7 14. Rd1 Be6 15. Be2 Rfd8 16. 0-0 Na4 17. Qd3 Nc5 18. Qe3 Na4 19. Qd3 Nc5 20. Qe3 Na4 21. Qd3 1/2-1/2

[Event "Budapest FS12 GM"]
[Site "Budapest"]
[Date "2022.12.06"]
[Round "4"]
[White "Kovalev, Andrei"]
[Black "Tyurin, Artem"]
[Result "1/2-1/2"]
[WhiteElo "2466"]
[BlackElo "2370"]
[PlyCount "59"]
[EventDate "2022.12.03"]
[EventType "tourn"]
[EventRounds "9"]
[EventCountry "HUN"]
[EventCategory "6"]
[SourceTitle "CBM 212 Extra"]
[Source "ChessBase"]
[SourceDate "2023.03.31"]
[SourceVersion "1"]
[SourceVersionDate "2023.03.31"]
[SourceQuality "1"]

1. e4 e6 2. d3 d5 3. Nd2 c5 4. Ngf3 Nf6 5. g3 g6 6. Bg2 Bg7 7. 0-0 0-0 8. c3 Nc6 9. e5 Nd7 10. d4 a5 11. a4 b6 12. Re1 Ba6 13. Nf1 cxd4 14. cxd4 Nb4 15. Bg5 Qc7 16. Be7 Nxe5 17. Bxf8 Nxf3+ 18. Bxf3 Rxf8 19. Rc1 Qe7 20. Be2 Bb7 21. Bb5 Qf6 22. Rc7 Ba6 23. Ne3 Bxb5 24. axb5 Qxd4 25. Qxd4 Bxd4 26. b3 Kg7 27. Kg2 Kg8 28. Kg1 Kg7 29. Kg2 Kg8 30. Kg1 1/2-1/2

[Event "Chigorin Memorial 29th"]
[Site "St Petersburg"]
[Date "2022.10.30"]
[Round "9"]
[White "Aleksandrov, Aleksej"]
[Black "Kovalev, Andrei"]
[Result "1-0"]
[WhiteElo "2475"]
[BlackElo "2462"]
[PlyCount "77"]
[EventDate "2022.10.22"]
[EventType "swiss"]
[EventRounds "9"]
[EventCountry "RUS"]
[SourceTitle "EXT 2024"]
[Source "ChessBase"]
[SourceDate "2023.10.10"]
[SourceVersion "1"]
[SourceVersionDate "2023.10.10"]
[SourceQuality "1"]

1. d4 Nf6 2. c4 g6 3. Nc3 Bg7 4. e4 d6 5. Be2 0-0 6. Nf3 e5 7. 0-0 c6 8. Re1 exd4 9. Nxd4 Re8 10. f3 d5 11. exd5 cxd5 12. c5 Nc6 13. Bg5 h6 14. Nxc6 bxc6 15. Bh4 Rb8 16. Na4 Rb4 17. Bf2 Nh5 18. a3 Rb7 19. Qd2 Rbe7 20. Rad1 Nf4 21. Bf1 Rxe1 22. Bxe1 Qg5 23. Bg3 Be5 24. Kh1 Bd7 25. Nc3 Qf6 26. Re1 g5 27. Ne4 dxe4 28. Qxd7 Rd8 29. Qxa7 exf3 30. gxf3 Nd3 31. Re3 Bxg3 32. hxg3 Nf2+ 33. Kg2 Qxb2 34. Re2 Rd2 35. Kxf2 Qd4+ 36. Kg2 Qe3 37. Qa6 g4 38. fxg4 Qe4+ 39. Kh2 1-0